000 00300nam a22001457a 4500
008 210302b ||||| |||| 00| 0 eng d
020 _a 2900538497816
041 _aeng
080 _a51
082 _a51
100 _a36
101 _aMAT
245 _aCalculus 7E
_cStewart, J
942 _2udc
_cBK
999 _c55480
_d55480